banner koha

Ocorrencia de Glomerella cingulata (Colletotrichum gloeosporioides)nas gemas florais e flores de macieira [podridao amarga, Malus domestica] (Registro n. 113560)

MARC details
000 -LÍDER
campo de controle de tamanho fixo 01003nas a2200265 4500
001 - NÚMERO DE CONTROLE
campo de controle BR8400098
003 - IDENTIFICADOR DO NÚMERO DE CONTROLE
campo de controle BR-BrBNA
005 - DATA E HORÁRIO DA ÚLTIMA TRANSAÇÃO
campo de controle 20231205085742.0
007 - CAMPO FIXO DE DESCRIÇÃO FÍSICA--INFORMAÇÃO GERAL
campo de controle de tamanho fixo ta
008 - CAMPO DE DADOS FIXOS--INFORMAÇÃO GERAL
campo de controle de tamanho fixo 230509b bl.|||p| |||| 00| 00por d
040 ## - FONTE DA CATALOGAÇÃO
Instituição da catalogação original BR-BrBNA
Idioma da catalogação por
Instituição que transcreveu o registro Biblioteca Nacional de Agricultura
041 ## - CÓDIGO DE IDIOMA
Código do idioma do texto/trilha sonora ou título diferente (Pt)
072 ## - CÓDIGO DE CATEGORIA DE ASSUNTO
Código de Categoria de Assunto H20
100 1# - ENTRADA PRINCIPAL--NOME PESSOAL
Nome pessoal Bernardi, J.
100 1# - ENTRADA PRINCIPAL--NOME PESSOAL
Nome pessoal Feliciano, A.
100 1# - ENTRADA PRINCIPAL--NOME PESSOAL
Nome pessoal Assis, M. de
245 1# - TÍTULO
Título Ocorrencia de Glomerella cingulata (Colletotrichum gloeosporioides)nas gemas florais e flores de macieira [podridao amarga, Malus domestica]
Restante do título Parte de tese
246 1# - FORMA VARIANTE DO TÍTULO
Título/título abreviado Occurrence of Glomerella cingulata (Colletotrichum gloesporioides)in dormant floral buds and flowers of apple [bitter rot, Malus domestica]
Restante do título [Part of thesis]
650 ## - ASSUNTO--TERMO TÓPICO
Cabeçalho tópico ou nome geográfico MACA
650 ## - ASSUNTO--TERMO TÓPICO
Cabeçalho tópico ou nome geográfico PODRIDAO AMARGA
650 ## - ASSUNTO--TERMO TÓPICO
Cabeçalho tópico ou nome geográfico FLOR
773 0# - ENTRADA ANALÍTICA
Título Pesquisa Agropecuaria Brasileira (Brazil)
ISSN - International Standard Serial Number ISSN 0100-204X
Partes relacionadas (Jun 1983), v. 18(6) p. 609-611
Número de controle do registro BR8400098
909 ## -
-- 202311
-- Lúcia
-- 55
-- Lúcia Elande
942 ## - ELEMENTOS DE ENTRADA ADICIONADOS (KOHA)
Fonte da classificação ou esquema de arquivamento na estante Classificação AGRIS
Ocultar no OPAC Não
Tipo de material Koha Analítica
Exemplares
Situação do descarte Fonte da classificação ou esquema de arquivamento na estante Situação física Não pode ser emprestado Biblioteca de origem Biblioteca atual Localização na estante Enumeração do periódico / cronologia Total de empréstimos Data de último acesso Número do exemplar Tipo de material Koha Fonte de aquisição
  Classificação AGRIS   Consulta local Biblioteca Nacional de Agricultura - Binagri Biblioteca Nacional de Agricultura - Binagri   (Jun 1983), v. 18(6) p. 609-611   29/11/2023 01 Periódicos Portaria Interministerial nº 164/94

BINAGRI

Telefone: (61)3218-2567/2388/3357/2097 - binagri@agro.gov.br

Ministério da Agricultura e Pecuária , Esplanada dos Ministérios, Bloco D, Anexo B, Brasília/DF, CEP: 70.043-900